000 00571nam a2200157 i 4500
001 78644
003 ES-MaACL
007 t|
008 041015s1950 sp ||||1| spa d
100 1 _aHavard de la Montagne, Robert.
_962142
245 1 0 _aHistoria de la democracia cristiana, de Lamennais a Georges Bidault /
_cRobert Havard de la Montagne ; traducción y notas de J.J. Peña Ibañez.
260 _aMadrid :
_bEditorial Tradicionalista,
_c1950 (
_fEspejo)
300 _a402 p. ;
_c22 cm.
700 1 _aPeña Ibañez, J. J.
_990264
852 _aES-MaACL
_jC-8384
_bR.36433
999 _c78644
_d78644